[Event "Moscow op-B (Women) 14th"]
[Site "Moscow"]
[Date "2018.02.03"]
[Round "8"]
[White "Tatarinova, Elena"]
[Black "Shafigullina, Zarina"]
[Result "0-1"]
[WhiteElo "1818"]
[BlackElo "2117"]
[PlyCount "76"]
[EventDate "2018.01.27"]
[EventType "swiss"]
[EventRounds "9"]
[EventCountry "RUS"]
[SourceTitle "CBM 182 Extra"]
[Source "ChessBase"]
[SourceDate "2018.02.23"]
[SourceVersion "1"]
[SourceVersionDate "2018.02.23"]
[SourceQuality "1"]

1. c4 e5 2. Nc3 Nf6 3. g3 Bb4 4. Bg2 0-0 5. Nf3 Nc6 6. 0-0 d6 7. d3 h6 8. Bd2 a6 9. a3 Bc5 10. b4 Ba7 11. Rb1 Bg4 12. h3 Bd7 13. a4 Qc8 14. Kh2 Nd8 15. b5 axb5 16. Nxb5 Bc5 17. Bb4 Ne6 18. Nd2 Ng5 19. Bxc5 Bxh3 20. Rh1 Bxg2 21. Kxg2 dxc5 22. Nc3 Qd7 23. Qc2 b6 24. Rb5 Ne6 25. Nf3 Nd4 26. Nxd4 exd4 27. Nd1 Ne8 28. Nb2 Nd6 29. Rb3 f5 30. e3 Qc6+ 31. Kg1 Rae8 32. Qe2 Nf7 33. Rh5 Ng5 34. Ra3 dxe3 35. fxe3 f4 36. gxf4 Rxf4 37. e4 Nf3+ 38. Kh1 Qg6 0-1

[Event "Moscow op-B (Women) 14th"]
[Site "Moscow"]
[Date "2018.02.01"]
[Round "6"]
[White "Tatarinova, Elena"]
[Black "Stroganova, Karina"]
[Result "1-0"]
[WhiteElo "1818"]
[BlackElo "1639"]
[PlyCount "87"]
[EventDate "2018.01.27"]
[EventType "swiss"]
[EventRounds "9"]
[EventCountry "RUS"]
[SourceTitle "CBM 182 Extra"]
[Source "ChessBase"]
[SourceDate "2018.02.23"]
[SourceVersion "1"]
[SourceVersionDate "2018.02.23"]
[SourceQuality "1"]

1. c4 f5 2. Nf3 Nf6 3. g3 g6 4. Bg2 Bg7 5. 0-0 0-0 6. Nc3 d6 7. Rb1 e5 8. b4 Nc6 9. b5 Ne7 10. d3 h6 11. a4 g5 12. Ba3 Ng6 13. Nd2 Rb8 14. Qc2 f4 15. Nce4 Nh5 16. Rfc1 Bf5 17. Nc3 Qd7 18. c5 fxg3 19. hxg3 Nf6 20. Nc4 dxc5 21. Bxc5 Rf7 22. Bxa7 Ra8 23. Bc5 Rb8 24. b6 cxb6 25. Rxb6 Bh3 26. Bc6 Qg4 27. Bf3 Qd7 28. Bd6 Rd8 29. Bxb7 Qf5 30. Ne3 Qd7 31. a5 Qe8 32. Ncd5 Rxb7 33. Rxb7 Rxd6 34. Qc7 Rd7 35. Rb8 Rxc7 36. Rxe8+ Nxe8 37. Nxc7 Nd6 38. Rc6 Bf8 39. a6 Bd7 40. Rb6 Nc8 41. Rxg6+ Kf7 42. a7 Nxa7 43. Rb6 Bc5 44. Rxh6 1-0